[Event "9th Semana Santa Alicante"]
[Site "San Vicente ESP"]
[Date "2025.04.17"]
[Round "2.30"]
[White "Plazuelo Pascual, Juan"]
[Black "Cabezas Ayala, Ivan"]
[Result "1/2-1/2"]
[WhiteTitle "IM"]
[BlackTitle "FM"]
[WhiteElo "2449"]
[BlackElo "2236"]
[WhiteFideId "32059566"]
[BlackFideId "2207710"]
[EventDate "2025.04.16"]

1. d4 d5 2. c4 e6 3. Nf3 Nf6 4. Nc3 Be7 5. Bg5 O-O 6. e3 h6 7. Bxf6 Bxf6 8. Rc1
c6 9. h4 g6 10. h5 g5 11. Bd3 Nd7 12. cxd5 exd5 13. Ne2 Re8 14. O-O a5 15. Ng3
Nf8 16. Nh2 Bg7 17. Bf5 Nh7 18. Ng4 Nf6 19. Bxc8 Rxc8 20. Nxf6+ Qxf6 21. Qa4 Bf8
22. Qc2 c5 23. dxc5 Rxc5 24. Qf5 Qe6 25. Rxc5 Bxc5 26. Rd1 Bd6 27. Qf3 Bxg3 28.
Qxg3 Rc8 29. Qf3 Rc5 30. b3 Kg7 31. Qe2 Qe5 32. Qd2 b6 33. b4 axb4 34. Qxb4 Rc2
35. Qxb6 Rxa2 36. Qd4 Qxd4 37. Rxd4 Ra5 38. Rb4 Ra6 39. Rd4 Ra5 40. Rb4 Ra6 41.
Rd4 Kf8 1/2-1/2

[Event "9th Semana Santa Alicante"]
[Site "San Vicente ESP"]
[Date "2025.04.17"]
[Round "2.31"]
[White "Morais, Thomas"]
[Black "Raczek, Krzysztof"]
[Result "0-1"]
[WhiteTitle "FM"]
[BlackTitle "IM"]
[WhiteElo "2232"]
[BlackElo "2448"]
[WhiteFideId "36034703"]
[BlackFideId "21005303"]
[EventDate "2025.04.16"]

1. e4 c5 2. Nf3 e6 3. Qe2 Nc6 4. g3 g6 5. Bg2 Bg7 6. O-O Nge7 7. c3 O-O 8. d4
cxd4 9. cxd4 d5 10. e5 Nf5 11. Rd1 Qb6 12. Qd3 f6 13. Nc3 fxe5 14. dxe5 Bd7 15.
Bf4 Rae8 16. Rac1 Bc8 17. Na4 Qd8 18. a3 h6 19. h4 Rf7 20. b4 Nxh4 21. Nxh4 g5
22. Be4 gxh4 23. Bg6 Rxf4 24. gxf4 Rf8 25. Qe3 Ne7 26. Bb1 Qe8 27. Nb2 Qh5 28.
Rc7 d4 29. Rxd4 Nd5 30. Rxg7+ Kxg7 31. Qd3 Rg8 32. Kh2 Kf8 33. Qh3 Qe2 34. Qxh4
Ke8 35. Rc4 Bd7 36. Be4 Rg4 37. Qh5+ Kd8 38. Kh3 Nxf4+ 0-1

[Event "9th Semana Santa Alicante"]
[Site "San Vicente ESP"]
[Date "2025.04.17"]
[Round "2.32"]
[White "Stearman, Josiah"]
[Black "Redzisz, Michal"]
[Result "1-0"]
[WhiteTitle "IM"]
[BlackTitle "FM"]
[WhiteElo "2441"]
[BlackElo "2234"]
[WhiteFideId "2062496"]
[BlackFideId "21816107"]
[EventDate "2025.04.16"]

1. e4 e5 2. Nf3 Nf6 3. d4 Nxe4 4. Bd3 d5 5. Nxe5 Nd7 6. Nxd7 Bxd7 7. O-O Bd6 8.
Qh5 Qf6 9. Nc3 Qxd4 10. Be3 Qe5 11. Qxe5+ Bxe5 12. Nxd5 Nf6 13. Rae1 Nxd5 14.
Bd4 O-O 15. Bxe5 Rfe8 16. a3 b5 17. c4 bxc4 18. Bxc4 c6 19. Ba6 Re6 20. Bd4 Nf4
21. Rxe6 Nxe6 22. Rd1 Nxd4 23. Rxd4 Be8 24. b4 Kf8 25. Kf1 Ke7 26. Ke2 Rd8 27.
Re4+ Kd6 28. Rg4 g6 29. Rh4 h5 30. Rc4 Bd7 31. Rc5 Re8+ 32. Kd3 Bf5+ 33. Kc3 Be4
34. g3 Bd5 35. h4 Re1 36. Kd2 Rb1 37. Rc3 Rb2+ 38. Ke3 Rb3 39. Rxb3 Bxb3 40. Kd4
f6 41. f4 Bc2 42. Bc4 Bb1 43. Bf7 Ke7 44. Bg8 Kd6 45. Bh7 Bc2 46. Bg8 Bb1 47.
Bc4 Bc2 48. Be2 Bf5 49. Bf3 Bc2 50. Be4 Bxe4 51. Kxe4 c5 52. bxc5+ Kxc5 53. f5
gxf5+ 54. Kxf5 Kc4 55. g4 hxg4 56. Kxg4 Kd5 1-0

[Event "9th Semana Santa Alicante"]
[Site "San Vicente ESP"]
[Date "2025.04.17"]
[Round "2.33"]
[White "Calvo Simon, Jorge"]
[Black "Chasin, Nico"]
[Result "0-1"]
[BlackTitle "IM"]
[WhiteElo "2228"]
[BlackElo "2435"]
[WhiteFideId "22216340"]
[BlackFideId "30908477"]
[EventDate "2025.04.16"]

1. c4 e5 2. g3 f5 3. Bg2 Nf6 4. Nc3 Bb4 5. Qb3 a5 6. a3 Bc5 7. e3 Nc6 8. Nge2 e4
9. d4 exd3 10. Nf4 Ne5 11. Na4 Ba7 12. Nxd3 Qe7 13. Nxe5 Qxe5 14. Bd2 Ne4 15.
Bc3 Nxc3 16. Nxc3 c6 17. Na4 b6 18. O-O Rb8 19. Qc3 Qxc3 20. Nxc3 Ba6 21. b3 Ke7
22. a4 Rbc8 23. Rfd1 Bb8 24. Rd3 d5 25. Rad1 Be5 26. Ne2 Rhd8 27. Nd4 Bxd4 28.
exd4 dxc4 29. Re3+ Kf6 30. d5 cxd5 31. Bxd5 Rd6 32. bxc4 Rxc4 33. Ree1 Rxa4 34.
Bb3 Rxd1 35. Rxd1 Rb4 36. Bg8 a4 37. Rd7 Be2 38. f4 b5 39. Rd6+ Ke7 40. Re6+ Kf8
41. Bxh7 Bc4 42. Re5 a3 43. Bg6 Rb1+ 44. Kf2 Rb2+ 45. Kf3 Re2 46. Rxf5+ Ke7 47.
Rc5 a2 48. Rc7+ Kf6 0-1

[Event "9th Semana Santa Alicante"]
[Site "San Vicente ESP"]
[Date "2025.04.17"]
[Round "2.34"]
[White "Prraneeth, Vuppala"]
[Black "Rosol, Philip"]
[Result "1-0"]
[WhiteTitle "GM"]
[WhiteElo "2433"]
[BlackElo "2233"]
[WhiteFideId "46622373"]
[BlackFideId "1664905"]
[EventDate "2025.04.16"]

1. e4 c5 2. Nf3 e6 3. d4 cxd4 4. Nxd4 Nc6 5. Nc3 Qc7 6. f4 a6 7. Nxc6 Qxc6 8.
Bd3 b5 9. Qe2 b4 10. Nd5 Nf6 11. Nxf6+ gxf6 12. f5 Bb7 13. Rf1 e5 14. Be3 Bc5
15. O-O-O Bxe3+ 16. Qxe3 Rc8 17. Kb1 Ke7 18. g4 Rhg8 19. Rg1 a5 20. h4 h6 21.
Rg3 Ba6 22. Qe2 Bxd3 23. Rgxd3 Rc7 24. R1d2 Rgc8 25. Qe3 Rg8 26. Rd6 Qxd6 27.
Rxd6 Kxd6 28. Qxh6 Ke7 29. g5 fxg5 30. hxg5 Rc6 31. Qh4 Ke8 32. b3 d6 33. Qh6
Rc3 34. Qxd6 Rxg5 35. f6 Rg1+ 36. Kb2 1-0

[Event "9th Semana Santa Alicante"]
[Site "San Vicente ESP"]
[Date "2025.04.17"]
[Round "2.35"]
[White "Suliborski, Jakub"]
[Black "Cieslak, Patryk"]
[Result "0-1"]
[BlackTitle "FM"]
[WhiteElo "2217"]
[BlackElo "2432"]
[WhiteFideId "1135651"]
[BlackFideId "21078882"]
[EventDate "2025.04.16"]

1. d4 Nf6 2. Nf3 e6 3. Bf4 Be7 4. e3 Nh5 5. Bg3 d6 6. Nbd2 Nd7 7. Bd3 g6 8. Qe2
O-O 9. O-O-O c5 10. Nb3 b6 11. Bb5 Qc7 12. dxc5 Nxc5 13. Nxc5 bxc5 14. Qd2 Rb8
15. c4 a6 16. Ba4 Rb4 17. Bc2 Rd8 18. b3 Qa5 19. a4 Qb6 20. Bh4 Bxh4 21. Nxh4
Qc7 22. Nf3 Qe7 23. Ne5 Qf6 24. f4 Rb8 25. g4 Bb7 26. gxh5 dxe5 27. fxe5 Qh4 28.
Qe1 Qxh5 29. Qa5 Rxd1+ 30. Rxd1 Qxe5 31. Kb1 Kg7 32. b4 Bf3 0-1

[Event "9th Semana Santa Alicante"]
[Site "San Vicente ESP"]
[Date "2025.04.17"]
[Round "2.36"]
[White "Krstulovic, Alex"]
[Black "Munier, Alexis"]
[Result "1-0"]
[WhiteTitle "IM"]
[WhiteElo "2429"]
[BlackElo "2214"]
[WhiteFideId "760056"]
[BlackFideId "45162450"]
[EventDate "2025.04.16"]

1. d4 Nf6 2. Nf3 g6 3. c4 Bg7 4. Nc3 d6 5. e4 O-O 6. Be2 Na6 7. O-O e5 8. Re1
Qe8 9. Bg5 h6 10. Bxf6 Bxf6 11. c5 Bg7 12. cxd6 cxd6 13. Nd5 Qd8 14. dxe5 dxe5
15. Rc1 Be6 16. Bxa6 bxa6 17. Nc7 Qxd1 18. Rexd1 Rac8 19. Nxe6 fxe6 20. Kf1 Bf6
21. Ke2 Rfe8 22. Ne1 Be7 23. Nf3 Bf6 24. b3 Kf8 25. Ne1 Ke7 26. Nd3 Bg5 27. Rxc8
Rxc8 28. Nxe5 Rc2+ 29. Kf3 h5 30. g3 Rxa2 31. Rd7+ Kf6 32. Nf7 Rc2 33. h3 Rc3+
34. Kg2 h4 35. e5+ Kf5 36. g4+ 1-0

[Event "9th Semana Santa Alicante"]
[Site "San Vicente ESP"]
[Date "2025.04.17"]
[Round "2.37"]
[White "Zheng, Harry Z"]
[Black "Gormally, Daniel W"]
[Result "0-1"]
[BlackTitle "GM"]
[WhiteElo "2210"]
[BlackElo "2428"]
[WhiteFideId "460982"]
[BlackFideId "406465"]
[EventDate "2025.04.16"]

1. e4 c5 2. Nf3 d6 3. d4 cxd4 4. Nxd4 Nf6 5. Nc3 a6 6. Be3 e5 7. Nf3 Qc7 8. a4
b6 9. Nd5 Nxd5 10. Qxd5 Nc6 11. Ng5 Rb8 12. Bc4 Nd8 13. Qd3 Be7 14. O-O O-O 15.
c3 h6 16. Nf3 a5 17. Nd2 Be6 18. f4 exf4 19. Bxf4 Nc6 20. Bxe6 fxe6 21. Qc4 Qd7
22. Rad1 d5 23. exd5 exd5 24. Qd3 Bc5+ 25. Kh1 Rbe8 26. Nb3 Ne5 27. Qg3 Ng4 28.
Nxc5 bxc5 29. h3 Nf6 30. Qg6 Ne4 31. Kh2 Re6 32. Qg4 Qc6 33. Be3 Nf6 34. Qg3
Rfe8 35. Bf4 Re2 36. Rfe1 Nh5 37. Qf3 Nxf4 38. Rxe2 Nxe2 39. Rxd5 Qc7+ 40. g3
Nxg3 0-1

[Event "9th Semana Santa Alicante"]
[Site "San Vicente ESP"]
[Date "2025.04.17"]
[Round "2.38"]
[White "Garcia Ramos, Daniel"]
[Black "Mika, Tomasz"]
[Result "1-0"]
[WhiteTitle "IM"]
[BlackTitle "CM"]
[WhiteElo "2428"]
[BlackElo "2204"]
[WhiteFideId "32010311"]
[BlackFideId "1132970"]
[EventDate "2025.04.16"]

1. e4 c6 2. Nf3 d5 3. Nc3 dxe4 4. Nxe4 Nf6 5. Qe2 Nxe4 6. Qxe4 Nd7 7. Bc4 Nf6 8.
Ne5 e6 9. Qe2 b5 10. Bd3 Qc7 11. b3 Bb7 12. Bb2 Bd6 13. O-O Nd5 14. Rfe1 Nf4 15.
Qg4 Nxd3 16. cxd3 O-O-O 17. Qxg7 Rdf8 18. Re3 h5 19. Rc1 Rhg8 20. Qf6 Be7 21.
Qh6 Rh8 22. Qf4 h4 23. d4 b4 24. Rf3 Rhg8 25. h3 Rg5 26. d5 c5 27. dxe6 f6 28.
Ng4 f5 29. Be5 Qc6 30. Kh2 Rfg8 31. Ne3 Qxe6 32. d4 Be4 33. g3 Rh5 34. d5 Qa6
35. Bd4 Kb7 36. Bxc5 Rc8 37. Qe5 Bxf3 38. Qxe7+ Rc7 39. Qd8 Qe2 40. Rc2 hxg3+
41. Kxg3 f4+ 42. Kxf4 Rf7+ 43. Kg3 Qe1 44. Qc8+ Kxc8 45. Bxb4+ Kd7 46. Bxe1 Be4
47. Rc4 Rf3+ 48. Kg4 Rfxh3 49. Rxe4 R3h4+ 50. Kf3 Rh1 51. Bb4 Rh7 52. d6 1-0

[Event "9th Semana Santa Alicante"]
[Site "San Vicente ESP"]
[Date "2025.04.17"]
[Round "2.39"]
[White "Grot, Blazej"]
[Black "Sowinski, Pawel"]
[Result "0-1"]
[WhiteTitle "CM"]
[BlackTitle "IM"]
[WhiteElo "2206"]
[BlackElo "2428"]
[WhiteFideId "21835845"]
[BlackFideId "21881979"]
[EventDate "2025.04.16"]

1. e4 e5 2. Nf3 Nc6 3. Bb5 a6 4. Ba4 d6 5. d4 Bd7 6. O-O Nf6 7. Nc3 b5 8. dxe5
dxe5 9. Bb3 Bd6 10. a3 h6 11. h3 O-O 12. Re1 Rb8 13. Qd3 Kh7 14. Ba2 Ne7 15. Be3
Ng6 16. Rad1 Qe7 17. b4 Rbd8 18. Nd5 Nxd5 19. Bxd5 Qf6 20. Qe2 Ne7 21. Bb3 Bc6
22. Bc1 a5 23. bxa5 Ra8 24. Qd2 Rfb8 25. Bb2 Ng6 26. Bd5 Bxd5 27. exd5 Qf5 28.
Qd3 Qxd3 29. Rxd3 f6 30. g3 Rxa5 31. Rb3 Ne7 32. Rd1 Ra4 33. Rc1 Rb6 34. Rd1 h5
35. Kg2 Kg6 36. Ng1 Rc4 37. Rd2 b4 38. Ne2 bxa3 39. Bxa3 Rxc2 40. Rxc2 Rxb3 41.
Bxd6 cxd6 42. Nc3 f5 43. g4 hxg4 44. hxg4 Rb4 45. f3 Rc4 0-1

[Event "9th Semana Santa Alicante"]
[Site "San Vicente ESP"]
[Date "2025.04.17"]
[Round "2.40"]
[White "Dos Santos Oliveira, Sancho"]
[Black "Oro, Faustino"]
[Result "0-1"]
[BlackTitle "IM"]
[WhiteElo "2204"]
[BlackElo "2423"]
[WhiteFideId "635995"]
[BlackFideId "20000197"]
[EventDate "2025.04.16"]

1. e4 c6 2. d4 d5 3. Nc3 dxe4 4. Nxe4 Nf6 5. Nxf6+ exf6 6. c3 Bd6 7. Bd3 O-O 8.
Qc2 Re8+ 9. Ne2 h5 10. O-O h4 11. h3 Nd7 12. Bf4 Nf8 13. Qd2 Ng6 14. Bxd6 Qxd6
15. Rfe1 Be6 16. Bxg6 fxg6 17. Qf4 Qxf4 18. Nxf4 Bf5 19. f3 g5 20. Ne2 a5 21.
Rad1 b5 22. d5 c5 23. Kf2 Kf7 24. Nc1 a4 25. Rxe8 Kxe8 26. Nd3 Rc8 27. Ke3 Kd7
28. b3 c4 29. bxc4 Rxc4 30. Rc1 Kd6 31. Nb4 Bd7 32. Kd3 f5 33. Re1 g4 34. fxg4
fxg4 35. hxg4 Rxg4 36. Re2 Bf5+ 37. Kd2 Be4 0-1

[Event "9th Semana Santa Alicante"]
[Site "San Vicente ESP"]
[Date "2025.04.17"]
[Round "3.1"]
[White "Murzin, Volodar"]
[Black "Niedbala, Bartlomiej"]
[Result "1-0"]
[WhiteTitle "GM"]
[BlackTitle "IM"]
[WhiteElo "2658"]
[BlackElo "2377"]
[WhiteFideId "44155573"]
[BlackFideId "21834008"]
[EventDate "2025.04.16"]

1. e4 c5 2. Nf3 d6 3. Bb5+ Bd7 4. Bxd7+ Nxd7 5. O-O e6 6. c4 Ne5 7. Nc3 Ne7 8.
d3 Nxf3+ 9. Qxf3 Nc6 10. Qg3 g6 11. Bf4 a6 12. Rae1 Be7 13. Bh6 Bf6 14. Kh1 Qe7
15. Qh3 Bxc3 16. bxc3 f6 17. Be3 O-O-O 18. f4 Kb8 19. Bf2 e5 20. Qh6 Qf8 21. Qh4
Qg7 22. Be3 h6 23. fxe5 fxe5 24. Qf6 Qxf6 25. Rxf6 g5 26. Rb1 Rd7 27. h3 Kc7 28.
Kh2 Rg7 29. Kg3 Rhh7 30. Rbf1 Kd7 31. R1f2 Ke7 32. R6f5 Kd7 33. Rb2 Ke6 34. Rf1
Rg8 35. Kg4 h5+ 36. Kg3 g4 37. h4 Rgg7 38. Rf5 Rf7 39. Rg5 Rf6 40. Rg8 Kf7 41.
Rc8 Kg6 42. Rb1 Rff7 43. Bg5 Rc7 44. Rf8 Rcf7 45. Re8 Rd7 46. Rf1 Kg7 47. Rff8
Rc7 48. Bf6+ Kg6 49. Re6 Rhf7 50. Bxe5+ 1-0

[Event "9th Semana Santa Alicante"]
[Site "San Vicente ESP"]
[Date "2025.04.17"]
[Round "3.2"]
[White "Lu, Shanglei"]
[Black "Perea Fruet, Lorenzo"]
[Result "1/2-1/2"]
[WhiteTitle "GM"]
[BlackTitle "FM"]
[WhiteElo "2618"]
[BlackElo "2374"]
[WhiteFideId "8603332"]
[BlackFideId "24595870"]
[EventDate "2025.04.16"]

1. e4 c5 2. Nf3 e6 3. d4 cxd4 4. Nxd4 Nf6 5. Nd2 e5 6. N4f3 Nc6 7. Bd3 d5 8.
exd5 Nxd5 9. Nc4 f6 10. c3 Be6 11. O-O Qc7 12. Qe2 Qf7 13. Re1 O-O-O 14. Bd2 Nf4
15. Bxf4 Rxd3 16. Qxd3 Bxc4 17. Qf5+ Be6 18. Qe4 Bd5 19. Qf5+ 1/2-1/2

[Event "9th Semana Santa Alicante"]
[Site "San Vicente ESP"]
[Date "2025.04.17"]
[Round "3.3"]
[White "Roebers, Eline"]
[Black "Ivanchuk, Vasyl"]
[Result "0-1"]
[WhiteTitle "IM"]
[BlackTitle "GM"]
[WhiteElo "2383"]
[BlackElo "2604"]
[WhiteFideId "1058401"]
[BlackFideId "14100010"]
[EventDate "2025.04.16"]

1. e4 c5 2. Nf3 e6 3. d4 cxd4 4. Nxd4 a6 5. a3 Qc7 6. c4 b6 7. Nc3 Bb7 8. Be3 d6
9. Be2 Be7 10. O-O Nf6 11. f3 O-O 12. Rc1 Nbd7 13. Qd2 Rac8 14. Rfd1 Qb8 15. Qe1
Rfe8 16. g4 Ne5 17. g5 Nfd7 18. Qf1 Nc6 19. Nb3 Bf8 20. h4 Ne7 21. Qh3 Ne5 22.
Na4 b5 23. Nb6 bxc4 24. Na5 d5 25. Nxb7 Qxb7 26. Nxc8 Rxc8 27. Bd4 N5c6 28. Bc5
Qxb2 29. Kf1 Ng6 30. Bxf8 Rxf8 31. Qg3 Nd4 32. Qe1 Nf4 33. Rd2 Qb6 34. Qf2 e5
35. exd5 Qa5 36. Rxd4 exd4 37. Qxd4 Nxe2 38. Kxe2 Qxa3 39. Qxc4 Qd6 40. f4 g6
41. Rc3 Qb6 42. Re3 Rd8 43. Kf3 Qb1 44. d6 Qd1+ 45. Kg3 Qxd6 46. Qa4 h5 47. gxh6
Kh7 48. Qc4 Qf6 49. Re5 Kxh6 50. Kg4 Qb6 51. Rc5 Qb1 52. Qc1 Qe4 0-1

[Event "9th Semana Santa Alicante"]
[Site "San Vicente ESP"]
[Date "2025.04.17"]
[Round "3.4"]
[White "Kozak, Adam"]
[Black "Hernandez, Cristian Andres"]
[Result "1-0"]
[WhiteTitle "GM"]
[BlackTitle "IM"]
[WhiteElo "2598"]
[BlackElo "2369"]
[WhiteFideId "753246"]
[BlackFideId "4402308"]
[EventDate "2025.04.16"]

1. d4 d5 2. c4 c6 3. Nc3 Nf6 4. e3 e6 5. Nf3 Nbd7 6. Qc2 Bd6 7. b3 O-O 8. Be2 b6
9. O-O Bb7 10. Bb2 Qe7 11. Rad1 Rfe8 12. Rfe1 Rad8 13. g3 c5 14. cxd5 exd5 15.
Bf1 a6 16. Bh3 c4 17. a4 Rc8 18. Nd2 cxb3 19. Qxb3 Rb8 20. Ba1 h5 21. Nf3 Red8
22. Rb1 Ba8 23. Nh4 Qe8 24. Bb2 Ne4 25. Nxe4 Qxe4 26. f3 Qh7 27. e4 dxe4 28. Bf5
Qh6 29. fxe4 Nf8 30. Bh3 g6 31. Nf3 Be7 32. Ne5 Qg7 33. Rf1 Bf6 34. Rxf6 Qxf6
35. Rf1 1-0

[Event "9th Semana Santa Alicante"]
[Site "San Vicente ESP"]
[Date "2025.04.17"]
[Round "3.5"]
[White "Vega Gutierrez, Sabrina"]
[Black "Vetokhin, Savva"]
[Result "0-1"]
[WhiteTitle "IM"]
[BlackTitle "GM"]
[WhiteElo "2380"]
[BlackElo "2549"]
[WhiteFideId "2219026"]
[BlackFideId "44144474"]
[EventDate "2025.04.16"]

1. e4 c5 2. Nf3 Nc6 3. d4 cxd4 4. Nxd4 e5 5. Nb5 d6 6. c4 g6 7. Bd3 Nf6 8. N5c3
Bg7 9. Bg5 h6 10. Bxf6 Bxf6 11. Nd5 Bg7 12. Nbc3 O-O 13. h4 h5 14. Be2 Nd4 15.
Qd3 a6 16. O-O-O b5 17. f3 Rb8 18. Rdg1 Be6 19. g4 hxg4 20. fxg4 b4 21. Nd1 Bxd5
22. exd5 Qa5 23. Kb1 b3 24. a3 e4 25. Qc3 Qc5 26. Qe3 Rfc8 27. g5 Qa5 28. h5 Nc2
29. Qc1 Bxb2 30. Qxb2 Nxa3+ 31. Kc1 Nxc4 32. Bxc4 Rxc4+ 33. Kb1 Rc2 34. Rg2 Qa2+
35. Qxa2 bxa2+ 36. Kxc2 a1=Q 0-1

[Event "9th Semana Santa Alicante"]
[Site "San Vicente ESP"]
[Date "2025.04.17"]
[Round "3.6"]
[White "Kuegel, Tobias"]
[Black "Heberla, Bartlomiej"]
[Result "1/2-1/2"]
[WhiteTitle "IM"]
[BlackTitle "GM"]
[WhiteElo "2366"]
[BlackElo "2523"]
[WhiteFideId "4636295"]
[BlackFideId "1115120"]
[EventDate "2025.04.16"]

1. e4 c6 2. Nf3 d5 3. Nc3 dxe4 4. Nxe4 Nf6 5. Qe2 Nxe4 6. Qxe4 Be6 7. b3 Nd7 8.
Bc4 Nf6 9. Qe2 Bxc4 10. bxc4 e6 11. Rb1 Qc7 12. O-O Be7 13. Qe5 Rc8 14. d3 Qxe5
15. Nxe5 b6 16. a4 Nd7 17. Nxd7 Kxd7 18. Be3 c5 19. Bc1 Bd6 20. Bb2 f6 21. Bc3
Rhe8 22. a5 Kc6 23. axb6 axb6 24. Ra1 e5 25. f3 g6 26. Rfe1 Re7 27. g4 h5 28.
gxh5 g5 29. h4 Rg8 30. hxg5 Rxg5+ 31. Kf2 Rxh5 32. Rh1 Reh7 33. Rxh5 Rxh5 34.
Rg1 b5 35. cxb5+ Kxb5 36. Rg6 Rh2+ 37. Rg2 Rh7 38. Rg6 Rh2+ 39. Rg2 Rh7 40. Rg6
Be7 41. f4 exf4 42. Bxf6 Bxf6 43. Rxf6 Rh2+ 44. Kf3 Rxc2 45. Rxf4 c4 46. Rxc4
Rxc4 47. dxc4+ Kxc4 48. Ke4 1/2-1/2

[Event "9th Semana Santa Alicante"]
[Site "San Vicente ESP"]
[Date "2025.04.17"]
[Round "3.7"]
[White "Alshameary Puente, Ismael"]
[Black "Ioannidis, Evgenios"]
[Result "1-0"]
[WhiteTitle "IM"]
[BlackTitle "GM"]
[WhiteElo "2363"]
[BlackElo "2513"]
[WhiteFideId "2225166"]
[BlackFideId "4229274"]
[EventDate "2025.04.16"]

1. d4 Nf6 2. c4 e6 3. Nf3 d5 4. Nc3 Nbd7 5. Bg5 h6 6. Bh4 Be7 7. e3 O-O 8. Qc2
a6 9. a3 dxc4 10. Bxc4 b5 11. Ba2 Bb7 12. Rd1 Nh5 13. Bxe7 Qxe7 14. d5 c5 15.
dxe6 fxe6 16. Qg6 Nhf6 17. O-O c4 18. Bb1 Rad8 19. e4 Qf7 20. Qxf7+ Kxf7 21. Rd4
Ke7 22. Rfd1 Nc5 23. Ne5 Rxd4 24. Ng6+ Kf7 25. Ne5+ Ke7 26. Ng6+ Kf7 27. Ne5+
Ke8 28. Rxd4 Nfd7 29. Nxd7 Nxd7 30. f3 Ke7 31. Kf2 g5 32. Ke3 Ne5 33. Bc2 Bc6
34. Rd1 a5 35. Ne2 Bd7 36. Nd4 Rb8 37. g3 b4 38. axb4 Rxb4 39. Rb1 Kd6 40. f4
Ng4+ 41. Kd2 Kc5 42. Nf3 gxf4 43. gxf4 Bc6 44. h3 Nf2 45. Ke3 Nxe4 46. Nd4 c3
47. Nxc6 Nd2 48. Nxb4 1-0

[Event "9th Semana Santa Alicante"]
[Site "San Vicente ESP"]
[Date "2025.04.17"]
[Round "3.8"]
[White "Ritviz, Parab"]
[Black "Berdayes Ason, Dylan Isidro"]
[Result "1-0"]
[WhiteTitle "IM"]
[BlackTitle "GM"]
[WhiteElo "2363"]
[BlackElo "2478"]
[WhiteFideId "5073367"]
[BlackFideId "3516016"]
[EventDate "2025.04.16"]

1. e4 c5 2. Nc3 Nc6 3. Bb5 Nd4 4. Nf3 a6 5. Bd3 g6 6. Nd5 e6 7. Ne3 Bg7 8. c3
Nxf3+ 9. Qxf3 Ne7 10. O-O O-O 11. Bc2 Nc6 12. d3 b5 13. Ng4 f5 14. Nh6+ Kh8 15.
Qg3 b4 16. Ba4 Bb7 17. Bxc6 Bxc6 18. e5 bxc3 19. bxc3 Qa5 20. c4 Rab8 21. Bf4
Rb2 22. Qg5 Rbb8 23. h4 Qc3 24. Qg3 Rb2 25. Rae1 Rd2 26. Re3 Qc2 27. Qg5 Rxd3
28. Rxd3 Qxd3 29. Re1 Qxc4 30. h5 gxh5 31. Re3 h4 32. Qxh4 d5 33. Rg3 Be8 34.
Rxg7 Kxg7 35. Qe7+ Rf7 36. Nxf7 Qxf4 37. Qf6+ 1-0

[Event "9th Semana Santa Alicante"]
[Site "San Vicente ESP"]
[Date "2025.04.17"]
[Round "3.9"]
[White "Santiago, Yago De Moura"]
[Black "Zielonka, Adam"]
[Result "1/2-1/2"]
[WhiteTitle "GM"]
[BlackTitle "FM"]
[WhiteElo "2475"]
[BlackElo "2357"]
[WhiteFideId "2103877"]
[BlackFideId "21002096"]
[EventDate "2025.04.16"]

1. d4 Nf6 2. c4 e6 3. Nc3 Bb4 4. g3 c5 5. Nf3 cxd4 6. Nxd4 Ne4 7. Qd3 Bxc3+ 8.
bxc3 Nc5 9. Qc2 d6 10. Bg2 O-O 11. O-O e5 12. Nf5 Bxf5 13. Qxf5 Qc7 14. Be3 Nbd7
15. Rab1 Nb6 16. Rb5 Nca4 17. Be4 g6 18. Qf6 Qd8 19. Qf3 Rb8 20. Bh6 Re8 21.
Bxb7 Qe7 22. Be4 Rec8 23. h4 Rxc4 24. Bg5 Qf8 25. Bd2 Rbc8 26. Rc1 h5 27. Bd3
R4c7 28. Be4 Qe7 29. Kh2 Qe6 30. a3 Nc5 31. Rcb1 Nxe4 32. Qxe4 Rc4 33. Qd3 d5
34. Ra5 d4 35. Rxa7 e4 36. Qc2 Nd5 37. Rbb7 dxc3 38. Bc1 R8c7 39. Qb3 Rxb7 40.
Rxb7 Nf6 41. Kg1 c2 42. Rb8+ Kg7 43. Rb6 Qd5 44. Qb2 Qd4 45. Kg2 Qxb2 46. Rxb2
Ng4 1/2-1/2

[Event "9th Semana Santa Alicante"]
[Site "San Vicente ESP"]
[Date "2025.04.17"]
[Round "3.10"]
[White "Fernandez Guillen, Ernesto J."]
[Black "Martin Duque, Jesus"]
[Result "1-0"]
[WhiteTitle "IM"]
[BlackTitle "IM"]
[WhiteElo "2474"]
[BlackElo "2355"]
[WhiteFideId "3512428"]
[BlackFideId "2208954"]
[EventDate "2025.04.16"]

1. e4 e5 2. Nf3 Nc6 3. Bc4 Bc5 4. b4 Bxb4 5. c3 Be7 6. d4 Na5 7. Bd3 d6 8. dxe5
dxe5 9. Nxe5 Nf6 10. O-O c6 11. Qe2 O-O 12. Nf3 Nd7 13. Bc2 Nc5 14. Nd4 Re8 15.
e5 Bf8 16. f4 b6 17. Qf2 Ba6 18. Rd1 Qc7 19. Qh4 g6 20. Nd2 Rad8 21. N2f3 Nc4
22. Ng5 h6 23. Ngf3 Bg7 24. f5 g5 25. Nxg5 Nxe5 26. f6 Bxf6 27. Qxh6 Bg7 28.
Qh7+ Kf8 29. Ba3 Ng4 30. Nge6+ 1-0

[Event "9th Semana Santa Alicante"]
[Site "San Vicente ESP"]
[Date "2025.04.17"]
[Round "3.11"]
[White "Horcajuelo Rocamora, Martin"]
[Black "Castellanos Rodriguez, Renier"]
[Result "1/2-1/2"]
[WhiteTitle "FM"]
[BlackTitle "GM"]
[WhiteElo "2357"]
[BlackElo "2471"]
[WhiteFideId "24573027"]
[BlackFideId "3404650"]
[EventDate "2025.04.16"]

1. d4 Nf6 2. c4 g6 3. Nc3 Bg7 4. e4 d6 5. Be2 O-O 6. Be3 e5 7. d5 Na6 8. h4 c6
9. h5 cxd5 10. cxd5 Nc5 11. h6 Bh8 12. Bxc5 dxc5 13. Nf3 Ne8 14. Nd2 a6 15. a4
Nd6 16. Nc4 Nxc4 17. Bxc4 Qd6 18. a5 Bf6 19. Nb1 Bg5 20. Na3 f5 21. exf5 Bxf5
22. Bb3 e4 23. Nc4 Qf6 24. d6 Kh8 25. O-O Bf4 26. Qd5 Qh4 27. g3 Bxg3 28. fxg3
Qxg3+ 29. Kh1 Qh4+ 30. Kg1 Qg5+ 31. Kh1 Qxh6+ 32. Kg1 Qg5+ 33. Kh1 Qh4+ 34. Kg1
Qg3+ 35. Kh1 1/2-1/2